| 000 | 00628nam a2200241 a 4500 | ||
|---|---|---|---|
| 001 | nice12345678 | ||
| 003 | IN_TiNIC | ||
| 005 | 20260116014343.0 | ||
| 008 | 110106s2010 newa grp 000 0 eng | ||
| 020 |
_a9788184572421 _c850 |
||
| 082 | 0 | 0 |
_a923.2 _bCHA |
| 100 | _aChadda, Kusum Lata | ||
| 245 |
_aGandhi _b The Master Communicator |
||
| 260 |
_aNew Delhi _bKanishka Pubs. & Distbs. _c2010 |
||
| 300 | _a306p | ||
| 500 | _aincludes index and biblioraphy | ||
| 505 | 2 | _aBibliography,Index | |
| 650 | _aGandhi M K-Biography | ||
| 700 | 1 | _aChadda, Kusum Lata | |
| 902 | _bSRS | ||
| 942 | _cBK | ||
| 999 |
_c14952 _d14952 |
||